000 00860nam a2200241Ia 4500
999 _c39730
_d39730
001 6335
003 GE_BSU
005 20191002160112.0
008 181216s1934||||ge |||||||||||||| ||geo||
040 _cGE_BSU
041 _ageo
080 _a821.353.1-32 ბ-27
100 _aბარნოვი, ვასილ
_94407
245 _aფერად-ფერადი :
_b[მოთხრობები] /
_cვასილ ბარნოვი ; რედ. : ს. ჩიქოვანი.
260 _aთბილისი.
260 _bფედერაცია.
260 _c1934.
300 _a524 გვ. :
_bფოტო ;
_c21 სმ.
653 _aფერად-ფერადი
653 _a[მოთხრობები]
700 _aჩიქოვანი, ს.
_eრედაქტორი
_93719
942 _cBK
_2udc